Homer's : The Iliad

Bibliographic Details
Main Author: Agrimbau
Other Authors: Zamora
Format: Book
Published: Subang Jaya : Bright Publications Sdn Bhd , 2020
Series:Magnificent graphic novels
Subjects:

MARC

LEADER 00000cam a2200000 7i4500
001 0000278266
005 20200911160520.0
020 |a 9789672260226 
090 0 0 |a JF   |b AGR 
100 1 |a Agrimbau 
245 1 0 |a Homer's :   |b The Iliad   |c by Agrimbau & Zamora 
260 |a Subang Jaya :   |b Bright Publications Sdn Bhd ,   |c 2020 
300 |a 78p. :   |b ill. ;   |c 23cm. 
490 0 |a Magnificent graphic novels 
650 0 |a Children's stories 
650 0 |a Graphic novels 
700 1 |a Zamora 
999 |a 00384818   |b BUKU   |c PINJAMAN   |e PERPUSTAKAAN KOMUNITI PETALING JAYA